| 000 | 01391nam a2200409 c 4500 | ||
|---|---|---|---|
| 999 |
_c50738 _d50738 |
||
| 001 | 50738 | ||
| 003 | ES-MaCES | ||
| 005 | 20200226040016.0 | ||
| 008 | 180528s2015 sp ||| | spa d | ||
| 017 |
_aM 34042-2015 _bDL |
||
| 040 |
_aES-MaCES _bspa _cES-MaCES |
||
| 100 | 1 |
_921488 _aPuig-Samper Mulero, Fernando |
|
| 245 | 1 | 3 |
_aEl empleo en actividades sanitarias y su evolución durante la crisis _c[elaborado por, Fernando Puig-Samper] |
| 260 |
_aMadrid _bConfederación Sindical de Comisiones Obreras _c2015 |
||
| 300 |
_a109 p. _c24 cm |
||
| 490 | 1 |
_aCuadernos de información sindical _v48-2015, nueva etapa |
|
| 504 | _aBibliografía: p. 100-101 | ||
| 541 | _cGratuito | ||
| 650 | 4 |
_aasistencia médica _930272 |
|
| 650 | 4 |
_aservicio de salud _927058 |
|
| 650 | 4 |
_aempleo _928299 |
|
| 650 | 4 |
_aanálisis del mercado de mano de obra _930745 |
|
| 650 | 4 |
_acondiciones de trabajo _928327 |
|
| 650 | 4 |
_acondiciones de empleo _930040 |
|
| 650 | 4 |
_acrisis económica _927102 |
|
| 650 | 4 |
_aEspaña _926964 |
|
| 650 | 4 |
_aUE _926752 |
|
| 650 | 4 |
_apaís de la UE _929020 |
|
| 650 | 4 |
_a2002-2014 _939115 |
|
| 650 | 4 |
_acomparación _928892 |
|
| 650 | 4 |
_aactitud sindical _929839 |
|
| 653 | 1 | 0 | _aEmpleo |
| 710 | 2 |
_aComisiones Obreras _eed. _92105 |
|
| 830 | 0 |
_aCuadernos de información sindical _v48-2015 _932326 |
|
| 902 | _aDOC Literatura gris | ||
| 942 |
_2CES _cBK _h2.1. |
||